[Event "5th Sth Wales Int"]
[Site "Trefforst WLS"]
[Date "2008.07.08"]
[Round "5"]
[White "Van Kemenade,R"]
[Black "Waterfield,J"]
[Result "1-0"]
[WhiteElo "1971"]
[BlackElo "2035"]

1.e4 g6 2.d4 Bg7 3.Nc3 d6 4.Nge2 Nf6 5.g3 O-O 6.Bg2 e5 7.h3 Nc6 8.Be3 Bd7
9.O-O Qc8 10.Kh2 Ne8 11.f4 f5 12.exf5 exd4 13.Nxd4 Nxd4 14.Bxd4 Bxf5 15.Nd5 Qd7
16.Re1 Rf7 17.Bxg7 Nxg7 18.Re7 Qd8 19.Rxf7 Kxf7 20.g4 Be6 21.Qd2 c6 22.Ne3 Qc7
23.Rf1 Kg8 24.c4 Rd8 25.Kh1 Qd7 26.Qd4 b5 27.cxb5 c5 28.Qd3 d5 29.f5 gxf5
30.gxf5 Bf7 31.a4 d4 32.Ng4 Qd6 33.b3 Nh5 34.Re1 Nf4 35.Qd2 Nxg2 36.Qxg2 Kf8
37.Qf2 Bxb3 38.Qh4 d3 39.f6 Qd5+ 40.Kh2 Qd6+ 41.Re5 Qc7 42.Qh6+ Kg8 43.Qf4 Qd7
44.Re7 Qd6 45.Ne5 Kh8 46.Qh6 Qxe7 47.fxe7 Rb8 48.Qf8+  1-0

[Event "5th Sth Wales Int"]
[Site "Trefforst WLS"]
[Date "2008.07.08"]
[Round "6"]
[White "Jones,Ri"]
[Black "Rudd,J"]
[Result "0-1"]
[WhiteElo "2075"]
[BlackElo "2345"]

1.e4 d6 2.d4 g6 3.Nc3 Bg7 4.f4 a6 5.Nf3 Nd7 6.a4 b6 7.Bd3 e6 8.O-O Ne7 9.e5 Bb7
10.Ne4 d5 11.Ng3 c5 12.c3 Nc6 13.f5 exf5 14.Bxf5 O-O 15.e6 Nf6 16.exf7+ Kh8
17.Bc2 Rxf7 18.Ne5 Re7 19.Bg5 Qd6 20.Bxg6 Nxe5 21.Nf5 Qe6 22.Nxg7 Rxg7 23.dxe5 Ne4
24.Bf5 Qxe5 25.Bh6 Rxg2+ 26.Kxg2 Rg8+ 27.Bg4 d4 28.Kh3 Bc8 29.Bxc8 Rg3+ 30.Kh4 Qe7+
31.Kh5 Qe8+ 32.Kh4 Qd8+ 33.Kh5 Rg5+ 34.Kh4 Rg6+ 35.Kh5 Rxh6+ 36.Kg4 Qxc8+
37.Kf4 Qe6  0-1

[Event "Maestro Open"]
[Site "Berdsk RUS"]
[Date "2008.07.09"]
[Round "2"]
[White "Kiryushkin,A"]
[Black "Karabut,V"]
[Result "0-1"]
[WhiteElo "2042"]
[BlackElo "2189"]

1.e4 g6 2.d4 Bg7 3.Nc3 d6 4.f4 e6 5.Nf3 Ne7 6.Bd3 a6 7.O-O O-O 8.Qe1 b5 9.Ne2 Bb7
10.Qh4 Nd7 11.c3 Re8 12.Ng3 f5 13.Ng5 Nf8 14.exf5 exf5 15.Bd2 h6 16.Nf3 Nd5
17.Qxd8 Raxd8 18.Rae1 Ne6 19.Ne2 c5 20.Bc2 Nf6 21.dxc5 dxc5 22.Rd1 Be4 23.Bxe4 Nxe4
24.Be3 Nc7 25.Rxd8 Rxd8 26.Ng3 Rd3 27.Bf2 Ne6 28.Re1 Nxf4 29.Nxe4 fxe4 30.Rxe4 Rd1+
31.Be1 Nd3 32.Re3 Nxb2 33.Kf1 Nc4 34.Re6 Rd6 35.Rxd6 Nxd6 36.Ke2 g5 37.Kd3 Kf7
38.Nd2 c4+ 39.Kc2 Ke6 40.Bf2 Kd5 41.Bb6 Ne4 42.Nxe4 Kxe4 43.Kd2 g4 44.Bf2 Be5
45.Bg3 Bxg3 46.hxg3  0-1

[Event "Inautomarket Open"]
[Site "Minsk BLR"]
[Date "2008.07.10"]
[Round "1"]
[White "Eidelson,R"]
[Black "Novikov,St1"]
[Result "0-1"]
[WhiteElo "2172"]
[BlackElo "2535"]

1.d4 d6 2.e4 g6 3.Nc3 Bg7 4.Nf3 c6 5.a4 Nd7 6.a5 Qc7 7.Be3 Ngf6 8.h3 O-O
9.Qc1 Rb8 10.Be2 b5 11.axb6 axb6 12.O-O b5 13.e5 dxe5 14.dxe5 Nd5 15.Nxd5 cxd5
16.Ra7 Rb7 17.Rxb7 Bxb7 18.e6 fxe6 19.Ng5 d4 20.Bd2 h6 21.Nf3 Kh7 22.Ne1 Qc6
23.f3 Nf6 24.Nd3 Nh5 25.Nb4 Qc5  0-1

[Event "FSGM July"]
[Site "Budapest HUN"]
[Date "2008.07.11"]
[Round "7"]
[White "Toth,E"]
[Black "Rajlich,I"]
[Result "0-1"]
[WhiteElo "2409"]
[BlackElo "2417"]

1.e4 d6 2.d4 g6 3.Nc3 Bg7 4.Be3 Nc6 5.Nge2 a6 6.Qd2 b5 7.f3 Na5 8.b3 c6 9.g4 h5
10.g5 h4 11.h3 e6 12.Bg2 Bd7 13.Rd1 Nb7 14.f4 Ne7 15.O-O d5 16.Bf2 Nd6 17.e5 Ndf5
18.Ra1 Bf8 19.Nd1 a5 20.Nb2 Bc8 21.a4 b4 22.c3 Ba6 23.cxb4 Ng3 24.Bxg3 hxg3
25.Nd3 Nf5 26.Rac1 Bxb4 27.Nxb4 axb4 28.Rfe1 Qb6 29.Rc5 Bxe2 30.Rxe2 Ra5
31.Rxa5 Qxa5 32.Re1 Qb6 33.Rd1 O-O 34.Kh1 Rc8 35.Bf3 c5 36.dxc5 Qxc5 37.Bg4 Ne3
38.Re1 g2+  0-1

[Event "60th ch-MNE Women"]
[Site "Cetinje MNE"]
[Date "2008.07.11"]
[Round "5"]
[White "Mijovic,A"]
[Black "Drljevic,L"]
[Result "0-1"]
[WhiteElo "2180"]
[BlackElo "2264"]

1.e4 d6 2.d4 g6 3.Nc3 Bg7 4.Bg5 a6 5.Qd2 b5 6.O-O-O Nf6 7.f3 O-O 8.Bh6 b4
9.Nce2 c5 10.Bxg7 Kxg7 11.h4 Qa5 12.Kb1 h5 13.g4 Nc6 14.gxh5 Nxh5 15.Nh3 b3
16.cxb3 Qxd2 17.Rxd2 cxd4 18.Nhf4 Nxf4 19.Nxf4 e5 20.Nd5 Be6 21.Bc4 Na5 22.h5 Rh8
23.Rdh2 Nxc4 24.bxc4 Rxh5 25.Rxh5 gxh5 26.Rxh5 Kg6 27.Rh2 Bxd5 28.cxd5 Kg5
29.Kc2 Kf4 30.Rh5 Ke3 31.Rh1 d3+ 32.Kd1 Rg8 33.Re1+ Kd4  0-1

[Event "ch-BEL"]
[Site "Eupen BEL"]
[Date "2008.07.11"]
[Round "7"]
[White "Leenaerts,R"]
[Black "Vandenbussche,T"]
[Result "0-1"]
[WhiteElo "2161"]
[BlackElo "2263"]

1.e4 g6 2.d4 Bg7 3.Nc3 d6 4.Be3 a6 5.f4 b5 6.Nf3 b4 7.Ne2 Nf6 8.Ng3 c5 9.dxc5 Ng4
10.Bd4 e5 11.fxe5 dxe5 12.Bg1 Qe7 13.h3 Nf6 14.Qd2 Nc6 15.a3 Rb8 16.axb4 Rxb4
17.Bxa6 Nxe4 18.Nxe4 Rxe4+ 19.Kf1 O-O 20.Qd5 Bxa6+ 21.Rxa6 Nb4 22.Qxe4 Nxa6
23.Qc4 e4 24.Ne1 Nb8 25.b4 e3 26.Ke2 Nc6 27.Nf3 Rd8 28.c3 Ne5 29.Qe4 f5 30.Qxe3 Rd3
31.Qxe5 Bxe5 32.Kxd3 Bf4 33.Bd4 Qe4+ 34.Kc4 Qe2+ 35.Kb3 Qxg2 36.Ra1 Qxf3
37.b5 Qe2 38.Ka4 Bc7 39.b6 Qa6+  0-1

[Event "Inautomarket Open"]
[Site "Minsk BLR"]
[Date "2008.07.11"]
[Round "2"]
[White "Mihajlovskij,S"]
[Black "Benza,A"]
[Result "1-0"]
[WhiteElo "2484"]
[BlackElo "2283"]

1.d4 g6 2.e4 Bg7 3.Nc3 d6 4.Bg5 a6 5.Qd2 b5 6.h4 h6 7.Be3 Bb7 8.Bd3 Nd7 9.Nce2 c5
10.c3 e6 11.f3 Ne7 12.h5 g5 13.Nh3 Rc8 14.a4 Qb6 15.axb5 axb5 16.O-O f5 17.exf5 exf5
18.dxc5 dxc5 19.b4 O-O 20.Bc4+ bxc4 21.Qxd7 Rc7 22.bxc5 Rxd7 23.cxb6 Nd5
24.Bd4 Bxd4+ 25.Nxd4 Nxc3 26.Ra7 Rf6 27.Re1 Rxb6 28.Nxf5 Kf7 29.Nf2 Nb5 30.Ra5 c3
31.Ng4 c2 32.Ne5+ Ke6 33.Nxd7+ Kxd7 34.Rc1 Nd6 35.Rxc2 Nxf5 36.Rxf5 Ke6 37.g4 Ba6
38.Rc1 Rd6 39.Re1+ Kd7 40.Rf7+ Kc6 41.Rc1+ Kb6 42.Rg7 Bd3 43.Rd1 Kc5 44.Kf2 Kc4
45.Rg6  1-0

[Event "Heart of Finland"]
[Site "Jyvaskyla FIN"]
[Date "2008.07.12"]
[Round "2"]
[White "Rantanen,Y"]
[Black "Wallin,A"]
[Result "1-0"]
[WhiteElo "2365"]
[BlackElo "1887"]

1.e4 d6 2.Nc3 g6 3.d4 Bg7 4.Be3 a6 5.a4 Nc6 6.h3 e5 7.Nge2 exd4 8.Nxd4 Nge7
9.g4 O-O 10.Qd2 f5 11.gxf5 gxf5 12.Rg1 fxe4 13.Nxe4 Ng6 14.O-O-O Qe8 15.Ng5 Nce5
16.b3 Kh8 17.f4 Nc6 18.h4 Nxd4 19.Bxd4 Rxf4 20.Bxg7+ Kxg7 21.h5 Qe5 22.Kb1 Bg4
23.hxg6 Qxg5 24.gxh7 Kh8 25.Be2 Qf5 26.Qc3+ Kxh7 27.Rxg4  1-0

[Event "ch-BEL"]
[Site "Eupen BEL"]
[Date "2008.07.13"]
[Round "9"]
[White "Hovhanisian,M"]
[Black "Vandenbussche,T"]
[Result "1-0"]
[WhiteElo "2458"]
[BlackElo "2263"]

1.d4 g6 2.e4 Bg7 3.Nc3 d6 4.Be3 a6 5.a4 Nf6 6.f3 Nc6 7.Qd2 O-O 8.Nge2 e5
9.d5 Ne7 10.Nd1 c6 11.c4 Nh5 12.g4 Nf4 13.Nxf4 exf4 14.Bxf4 cxd5 15.exd5 f5
16.g5 Re8 17.Be2 Be5 18.Nc3 Bxf4 19.Qxf4 Qb6 20.O-O-O Qb4 21.Rd4 Bd7 22.Kb1 Qc5
23.h4 Rec8 24.Re1 Re8 25.Bf1 b5 26.cxb5 Nxd5 27.Rxe8+ Rxe8 28.Rxd5 Re1+ 29.Rd1  1-0

[Event "Heart of Finland"]
[Site "Jyvaskyla FIN"]
[Date "2008.07.13"]
[Round "3"]
[White "Reed,D"]
[Black "Jarvinen,S"]
[Result "1-0"]
[WhiteElo "2089"]
[BlackElo "1891"]

1.e4 d6 2.d4 g6 3.Nc3 Bg7 4.Be3 b6 5.Nf3 Nf6 6.Qd2 c5 7.Bh6 O-O 8.O-O-O Ba6
9.h4 Bxf1 10.Rdxf1 Nc6 11.Bxg7 Kxg7 12.d5 Ne5 13.Nxe5 dxe5 14.h5 Rh8 15.Qg5 h6
16.Qxe5 Qd6 17.Qxd6 exd6 18.hxg6 fxg6 19.f3 a6 20.Ne2 Rhe8 21.Nf4 Re7 22.Rh3 Kf7
23.Rfh1 Ng8 24.Rg3 g5 25.Nh3  1-0

[Event "Heart of Finland"]
[Site "Jyvaskyla FIN"]
[Date "2008.07.13"]
[Round "3"]
[White "Seppala,A"]
[Black "Rehn,R"]
[Result "0-1"]
[WhiteElo "1955"]
[BlackElo "2157"]

1.e4 g6 2.d4 Bg7 3.Nc3 d6 4.f4 Nf6 5.Nf3 O-O 6.Bd3 Bg4 7.h3 Bxf3 8.Qxf3 Nc6
9.Be3 Nd7 10.e5 Nb4 11.Be4 c6 12.a3 Na6 13.O-O d5 14.Bd3 e6 15.b4 Nc7 16.Ne2 f6
17.Qg4 Qe7 18.h4 f5 19.Qh3 b6 20.h5 Rfb8 21.Kf2 a5 22.c3 c5 23.Rab1 axb4
24.axb4 c4 25.Bc2 Ra2 26.Rfc1 Rba8 27.Bd1 Nb5 28.Kf1 R8a3 29.Bf2 g5 30.g4 fxg4
31.Qxg4 h6 32.Qg2 gxf4 33.Qg4 Nf8 34.Bh4 Qf7 35.Rc2 f3 36.Nf4 Nxc3 37.Rxc3 Rxc3
38.Bxf3 Qf5 39.Qg3 Qxb1+  0-1

[Event "19th Czech Open Synthesia Rapid"]
[Site "Pardubice CZE"]
[Date "2008.07.16"]
[Round "2"]
[White "Luch,M"]
[Black "Mamedov,Rau"]
[Result "0-1"]
[WhiteElo "2412"]
[BlackElo "2627"]

1.d4 d6 2.e4 g6 3.Nc3 Bg7 4.Nf3 c6 5.Be3 Nd7 6.Qd2 b5 7.Bd3 a6 8.Ne2 Ngf6
9.Bh6 Bxh6 10.Qxh6 e5 11.c3 Qe7 12.dxe5 dxe5 13.Ng3 Bb7 14.O-O Ng4 15.Qg5 Qxg5
16.Nxg5 h6 17.Nh3 Ke7 18.f3 Ngf6 19.Rfd1 c5 20.Bc2 c4 21.Nf1 Nc5 22.Rd2 Rhd8
23.Rad1 Rxd2 24.Rxd2 a5 25.Ne3 Nfd7 26.a4 Nb6 27.axb5 a4 28.Nf2 Ra5 29.Nfd1 Rxb5
30.Kf1 Ra5 31.Bb1 Nb3 32.Re2 Ra8 33.Ke1 h5 34.Nf2 Kd6 35.Nc2 Kc5 36.Na3 Nc8
37.Nd1 Nd6 38.Ne3 Bc8 39.Nec2 Be6 40.Nb4 Nb5 41.Nxb5 Kxb5 42.Nc2 Kc5 43.Na3 g5
44.Kf2 f6 45.Bc2 Rb8 46.Bxb3 axb3 47.Rd2 Ra8 48.Ke2 f5 49.exf5 Bxf5 50.Kd1 Bd3
51.h3 e4 52.fxe4 Rf8 53.Kc1 Rf4 54.e5 g4 55.hxg4 hxg4 56.e6 g3 57.Rd1 Re4
58.Nb1 Rxe6 59.Nd2 Bc2 60.Rf1 Re2 61.Rg1 Bd3 62.Nf3 Rc2+  0-1

[Event "Aegean Open"]
[Site "Aghios Kirykos GRE"]
[Date "2008.07.17"]
[Round "6"]
[White "Tsiropoulas,A"]
[Black "Koukoufikis,A"]
[Result "1/2-1/2"]
[WhiteElo "2025"]
[BlackElo "2252"]

1.e4 g6 2.d4 Bg7 3.Nc3 d6 4.Bg5 h6 5.Be3 c6 6.Bd3 Qb6 7.Nge2 Qxb2 8.Rb1 Qa3
9.O-O Nf6 10.f4 O-O 11.Bd2 Qa5 12.Nd5 Qd8 13.Nxf6+ Bxf6 14.e5 dxe5 15.dxe5 Bg7
16.f5 Bxf5 17.Bxf5 gxf5 18.Qc1 Nd7 19.Bxh6 Nxe5 20.Rxf5 f6 21.Bxg7 Kxg7 22.Rxe5 fxe5
23.Qg5+ Kh7  1/2-1/2

[Event "Heart of Finland"]
[Site "Jyvaskyla FIN"]
[Date "2008.07.18"]
[Round "9"]
[White "Kilpela,P"]
[Black "Wallin,A"]
[Result "1/2-1/2"]
[WhiteElo "2129"]
[BlackElo "1887"]

1.e4 d6 2.d4 g6 3.Nc3 Bg7 4.Be3 a6 5.a4 Nc6 6.h3 e5 7.Nf3 exd4 8.Nxd4 Nf6
9.g3 Bd7 10.Bg2 O-O 11.O-O Re8 12.Nde2 Nb4 13.Nf4 Bc6 14.Nfd5 Nbxd5 15.exd5 Bd7
16.Qd2 Qc8 17.Kh2 b5 18.axb5 axb5 19.Qd3 Qb7 20.Rxa8 Rxa8 21.b4 Ra3 22.Bd4 c5
23.dxc6 Bxc6 24.f3 Ra8 25.Rf2 Re8 26.Bf1 Rb8 27.Bg2 h5 28.Qe3 Qc7 29.Qf4 Nd7
30.Bxg7 Kxg7 31.Qd4+ Kg8 32.f4 Nb6 33.Bf1 Na4 34.Nd1 Re8 35.f5 Re5 36.fxg6 fxg6
37.c4 Qe7 38.cxb5 Ba8 39.Bc4+ d5 40.Bb3 Re4 41.Bxd5+ Bxd5 42.Qxd5+ Kg7 43.Rf7+ Qxf7
44.Qxe4 Qd7 45.Qe2 Nb6 46.Nf2 Qd6 47.Nd3 Nd7 48.h4 Nf6 49.Nf2 Qxb4 50.Qe6 Qb2
51.Kg1 Ng4 52.Nxg4 hxg4 53.Qe7+ Kg8 54.Qe8+  1/2-1/2

[Event "Inautomarket Open"]
[Site "Minsk BLR"]
[Date "2008.07.18"]
[Round "9"]
[White "Rodin,M"]
[Black "Mihajlovskij,S"]
[Result "0-1"]
[WhiteElo "2365"]
[BlackElo "2484"]

1.e4 g6 2.d4 Bg7 3.Nc3 d6 4.g3 c6 5.a4 Nf6 6.Bg2 O-O 7.Nge2 e5 8.h3 Nbd7
9.Be3 Re8 10.O-O b6 11.g4 exd4 12.Bxd4 h6 13.Ng3 Bb7 14.Qd2 Ne5 15.b3 Qe7
16.f4 Ned7 17.Rad1 Rad8 18.Rfe1 a6 19.Qf2 b5 20.axb5 axb5 21.e5 dxe5 22.Nxb5 Qb4
23.fxe5 Nxe5 24.Bxe5 Rxd1 25.Rxd1 Rxe5 26.Nd6 Re7 27.Nxb7 Qxb7 28.Qc5 Qc7
29.Qd6 Qa7+ 30.Qd4 Qb7 31.Qc5 Re6 32.Qf2 Qe7 33.Kf1 Qb4 34.Qd2 Qc5 35.Re1 Rd6
36.Qf2 Qc3 37.Bf3 Bf8 38.Re3 Qb2 39.Ne4 Nxe4 40.Bxe4 Re6 41.Qe1 Qe5 42.Re2 Qf4+
43.Kg1 Bc5+ 44.Kh1 Bb4  0-1

[Event "Battle of Senta Open A"]
[Site "Senta SRB"]
[Date "2008.07.18"]
[Round "1"]
[White "Tomic,Bos"]
[Black "Valis,J"]
[Result "1-0"]
[WhiteElo "2379"]
[BlackElo "2153"]

1.e4 d6 2.d4 g6 3.Nc3 Bg7 4.f4 Nf6 5.Nf3 O-O 6.Bd3 Na6 7.e5 dxe5 8.dxe5 Nd5
9.Nxd5 Qxd5 10.Qe2 Nc5 11.Bc4 Qc6 12.Be3 Be6 13.O-O-O Rad8 14.Bxc5 Bxc4 15.Qxc4 b6
16.Nd4 Qe4 17.Bxe7 Qxf4+ 18.Kb1 c5 19.Bxf8 Rxf8 20.Qd5 cxd4 21.Qxd4 Qg5 22.Qd5 Bxe5
23.Rhf1 Kg7 24.h4 Qe7 25.g4 Re8 26.g5 Bg3 27.Rf3 Bxh4 28.Qd4+  1-0

[Event "Ch-AY Boys U18"]
[Site "Tehran IRI"]
[Date "2008.07.18"]
[Round "4"]
[White "Saravana,Kr"]
[Black "Djuraev,S"]
[Result "1-0"]
[WhiteElo "2256"]
[BlackElo "2324"]

1.e4 g6 2.d4 Bg7 3.Nc3 d6 4.Bg5 c6 5.Qd2 Qa5 6.f4 Nd7 7.Nf3 b5 8.Bd3 Qb6
9.e5 b4 10.Ne2 c5 11.c3 Bb7 12.cxb4 cxb4 13.O-O-O e6 14.Kb1 Ne7 15.Bxe7 Kxe7
16.Rhf1 h5 17.f5 Bh6 18.Qe1 exf5 19.exd6+ Qxd6 20.Ng3+ Kf8 21.Bxf5 gxf5 22.Nxf5 Qc6
23.Qxb4+ Kg8 24.Ne7+  1-0

[Event "Aegean Open"]
[Site "Aghios Kirykos GRE"]
[Date "2008.07.19"]
[Round "8"]
[White "Balaskas,P"]
[Black "Koukoufikis,A"]
[Result "1/2-1/2"]
[WhiteElo "2106"]
[BlackElo "2252"]

1.e4 g6 2.d4 Bg7 3.Nc3 d6 4.Be3 c6 5.Qd2 b5 6.a3 a6 7.Nge2 Nd7 8.f3 Rb8 9.b4 Qc7
10.Rb1 e6 11.g4 Bb7 12.Ng3 c5 13.Nd1 cxd4 14.Bxd4 Bxd4 15.Qxd4 e5 16.Qd2 Nb6
17.Rb3 Ne7 18.Rc3 Nc6 19.Qh6 Qe7 20.Kf2 Nd4 21.Ne3 Na4 22.Rd3 Rc8 23.Qg7 Kd7
24.Bh3 Kc7 25.Rhd1 Ne6 26.Qh6 Nf4 27.Rxd6 Qf8 28.Qh4 g5 29.Qh6 f6 30.Rxf6 Nxh3+
31.Ke1 Qxh6 32.Rxh6 Nf4 33.Ngf5 Nc3 34.Rdd6 Rcd8 35.Rxd8 Rxd8 36.Rxh7+ Rd7
37.Rxd7+ Kxd7 38.h4 gxh4 39.Nxh4 Nh3 40.Kd2 Nb1+ 41.Kc1 Nxa3 42.Kb2 Nc4+
43.Nxc4 bxc4 44.Kc3 Ng5 45.Kxc4 Kc6 46.Kb3 Bc8 47.c4 Be6 48.Kc3 Kb6 49.Kd3 Bf7
50.Kc3 Be8 51.Kd3 Bf7 52.Kc3 Nh3 53.Ng2 Ng1 54.Ne1 Ne2+ 55.Kd3 Nf4+ 56.Kc3 Ne2+
57.Kd3 Nf4+ 58.Kc3 Ne2+  1/2-1/2

[Event "31st Taminco Open"]
[Site "Ghent BEL"]
[Date "2008.07.19"]
[Round "2"]
[White "Roos,Dav"]
[Black "Larmuseau,Ma"]
[Result "0-1"]
[WhiteElo "1687"]
[BlackElo "2092"]

1.e4 d6 2.d4 g6 3.Nc3 Bg7 4.Nf3 c6 5.Be3 b5 6.Bd3 Nd7 7.O-O Qc7 8.Qd2 Ngf6
9.h3 a6 10.Ne2 c5 11.c3 Bb7 12.Ng3 e5 13.Bh6 O-O 14.Rac1 Ne8 15.Nh2 f6 16.Rfd1 Bxh6
17.Qxh6 Ng7 18.Qd2 Rad8 19.Bb1 Nb6 20.Ng4 Ne6 21.b3 Kh8 22.h4 Bc8 23.Ne3 Nf4
24.Bd3 Be6 25.Be2 c4 26.d5 Bd7 27.h5 Kg7 28.Bg4 Bxg4 29.Nxg4 Qd7 30.Ne3 f5
31.Rb1 Rb8 32.f3 Qc8 33.Kh2 Qd8 34.Qf2 Qh4+ 35.Kg1 Qxg3 36.Qxg3 Ne2+ 37.Kf2 Nxg3
38.a4 f4 39.h6+ Kxh6 40.Ng4+ Kg7 41.a5 Nd7 42.b4 h5 43.Nh2 Nf6 44.Re1 Rh8
45.Nf1 Nxf1 46.Rxf1 g5 47.Rh1 g4 48.Rbg1 g3+ 49.Ke2 h4 50.Rh3 Rh5 51.Rd1 Rbh8
52.Rd2 Nh7 53.Rd1 Kf6 54.Rdh1 Ng5 55.Kd2 R8h7 56.Ke2 Rg7 57.Rxh4 Rxh4 58.Rxh4 Rh7
59.Rxh7 Nxh7 60.Kd2 Kg5 61.Ke2 Kh4 62.Kf1 Ng5 63.Kg1 Nxe4  0-1

[Event "19th Czech Chladek & Tintera A Open"]
[Site "Pardubice CZE"]
[Date "2008.07.19"]
[Round "2"]
[White "Ageichenko,G"]
[Black "Danielsen,Hen"]
[Result "1-0"]
[WhiteElo "2384"]
[BlackElo "2526"]

1.e4 g6 2.d4 Bg7 3.Nc3 d6 4.f4 Nf6 5.Nf3 O-O 6.Bd3 Na6 7.O-O c5 8.d5 Bg4
9.h3 Bxf3 10.Rxf3 Nc7 11.a4 b6 12.Bc4 a6 13.Qd3 Kh8 14.Rb1 e6 15.Kh1 Re8
16.Bd2 exd5 17.exd5 Nd7 18.Re3 Rxe3 19.Bxe3 f5 20.Bf2 Nf6 21.b4 Nd7 22.b5 Qf6
23.Ne2 a5 24.Ng1 Qc3 25.Re1 Qxd3 26.cxd3 Nf6 27.Nf3 Nfxd5 28.d4 Rb8 29.dxc5 bxc5
30.Ng5 Bf8 31.g3 Nc3 32.Bb3 d5 33.Ne6 Nxe6 34.Rxe6 Ne4 35.Be1 c4 36.Bc2 Bb4
37.Bxe4 fxe4 38.Bf2 Bd2 39.Bd4+ Kg8 40.Kg2 Kf7 41.Rc6 Rb7 42.Kf2 Ke7 43.Ke2 Bb4
44.Ke3 Rd7 45.Bf6+ Ke8 46.Be5 Ba3 47.Bd4 Rf7 48.Be5 Bc1+ 49.Ke2 Rd7 50.Bd4 Ba3
51.g4 Bd6 52.f5 gxf5 53.gxf5 Kf7 54.b6 Bf4 55.Rc5 c3 56.Rxc3 Bd6 57.Rc8 h6
58.Ra8 Bb4 59.Rh8  1-0

[Event "19th Czech Chladek & Tintera A Open"]
[Site "Pardubice CZE"]
[Date "2008.07.19"]
[Round "2"]
[White "Petr,Ma"]
[Black "De Wit,T"]
[Result "1-0"]
[WhiteElo "2451"]
[BlackElo "2246"]

1.e4 g6 2.d4 Bg7 3.Nc3 d6 4.Be3 c6 5.Qd2 b5 6.f3 Nd7 7.Nh3 Nb6 8.Nf2 Rb8
9.b3 Nf6 10.Be2 O-O 11.O-O Qc7 12.Rac1 Re8 13.g4 e5 14.dxe5 dxe5 15.Rfd1 Be6
16.Nd3 Rbd8 17.Qe1 Nfd7 18.Rd2 Bf8 19.Qf2 Be7 20.Rcd1 Rc8 21.f4 exf4 22.Bxf4 Qb7
23.e5 Bd5 24.Bf3 Nf8 25.Rf1 Ne6 26.Be3 Ng5 27.Nxd5 Nxd5 28.Kg2 Nxf3 29.Qxf3 Nxe3+
30.Qxe3 c5+ 31.Qf3 Qxf3+ 32.Rxf3 c4 33.Nf2 cxb3 34.cxb3 Rc5 35.Rd7 a5 36.Nd3 Rc2+
37.Rf2 Rc3 38.Nf4 Bh4 39.Re2 Rec8 40.Rd5 Rc2 41.Rxc2 Rxc2+ 42.Kh3 Bg5 43.Kg3  1-0

[Event "Politiken Cup"]
[Site "Helsingor DEN"]
[Date "2008.07.20"]
[Round "2"]
[White "Nohr,F"]
[Black "Hillarp Persson,T"]
[Result "0-1"]
[WhiteElo "2127"]
[BlackElo "2526"]

1.e4 g6 2.d4 Bg7 3.Nc3 d6 4.Be3 a6 5.Qd2 Nd7 6.O-O-O b5 7.h4 h6 8.f3 e6 9.Nh3 Ne7
10.h5 g5 11.Be2 Bb7 12.g4 b4 13.Na4 a5 14.Bb5 Qc8 15.d5 Ba6 16.dxe6 Bxb5
17.exd7+ Qxd7 18.Bd4 Bxd4 19.Qxd4 O-O-O 20.Qa7 Qc6 21.b3 Bxa4 22.bxa4 Qxa4
23.e5 Qxa2 24.Rxd6 cxd6 25.Qa6+ Kd7 26.Qb5+ Kc7  0-1

[Event "Politiken Cup"]
[Site "Helsingor DEN"]
[Date "2008.07.20"]
[Round "2"]
[White "Jensen,Mad"]
[Black "Rasmussen,U"]
[Result "0-1"]
[WhiteElo "1833"]
[BlackElo "2123"]

1.d4 g6 2.e4 Bg7 3.Nc3 d6 4.Be3 Nc6 5.Qd2 e5 6.d5 Nce7 7.f3 f5 8.O-O-O Nf6
9.Nge2 fxe4 10.fxe4 Ng4 11.Ng3 Nxe3 12.Qxe3 Ng8 13.Kb1 Bh6 14.Qf3 a6 15.Be2 Nf6
16.Rdf1 O-O 17.Qd3 Ng4 18.Nd1 Bd7 19.Rxf8+ Qxf8 20.Rf1 Qe7 21.h3 Qg5 22.Nc3 Ne3
23.Rf3 Nc4 24.Ka1 Qc1+ 25.Nb1 Qxb2+  0-1

[Event "19th Czech Chladek & Tintera A Open"]
[Site "Pardubice CZE"]
[Date "2008.07.20"]
[Round "3"]
[White "Jansa,Vl"]
[Black "Pel,B"]
[Result "1-0"]
[WhiteElo "2485"]
[BlackElo "2304"]

1.e4 d6 2.d4 g6 3.Nc3 Bg7 4.Be3 a6 5.Qd2 Nd7 6.Nf3 b5 7.Bd3 Bb7 8.O-O c5
9.Rfe1 cxd4 10.Bxd4 Ngf6 11.Nd5 O-O 12.Nxf6+ Nxf6 13.a4 e5 14.Bc3 Nh5 15.axb5 axb5
16.Rad1 f5 17.exf5 Bxf3 18.gxf3 Nf4 19.Kh1 gxf5 20.Bxb5 Qh4 21.Rg1 Rf6 22.Rg3 Rh6
23.h3 Kh8 24.Bf1 Rg8 25.Ra1 Rg6 26.Rxg6 hxg6 27.Ra7 Rd8 28.Kh2 Bh6 29.Qd1 Ne6
30.Bg2 Bf4+ 31.Kg1 Ng5 32.Qf1 Qh5 33.Ba5 Rc8 34.Qd3 Nxh3+ 35.Bxh3 Qxh3 36.Bb6 Rc6
37.Qd5 Rxb6  1-0

[Event "19th Czech Chladek & Tintera A Open"]
[Site "Pardubice CZE"]
[Date "2008.07.20"]
[Round "3"]
[White "Vojtek,V"]
[Black "Haub,TM"]
[Result "0-1"]
[WhiteElo "2301"]
[BlackElo "2460"]

1.e4 g6 2.d4 Bg7 3.Nc3 d6 4.Nf3 a6 5.a4 b6 6.Be3 e6 7.Be2 Nd7 8.O-O Ne7 9.Qd2 h6
10.Rad1 Bb7 11.h3 Nf6 12.Bd3 d5 13.e5 Ne4 14.Qe1 Nf5 15.Bf4 Ng5 16.Bxg5 hxg5
17.Nh2 c5 18.dxc5 bxc5 19.Ng4 Nh6 20.Ne4 Nxg4 21.Nd6+ Ke7 22.Nxb7 Qc7 23.hxg4 Bxe5
24.g3 Bd4 25.Kg2 Qxb7 26.Qa5 Qc6 27.c3 Be5 28.b4 c4 29.Be2 Bc7 30.Qc5+ Qxc5
31.bxc5 Rab8 32.Rd2 Be5 33.Rc2 Rb3 34.f4 gxf4 35.gxf4 Bxc3 36.Rf3 Bd4 37.Rxb3 cxb3
38.Rd2 b2 39.Rd1 Bxc5 40.Bxa6 Be3 41.Kf3 Bc1  0-1

[Event "31st Taminco Open"]
[Site "Ghent BEL"]
[Date "2008.07.22"]
[Round "7"]
[White "Janssen,E"]
[Black "Docx,S"]
[Result "0-1"]
[WhiteElo "2155"]
[BlackElo "2331"]

1.e4 g6 2.d4 Bg7 3.Nc3 d6 4.Be3 a6 5.h3 b5 6.Bd3 Bb7 7.Nf3 Nd7 8.Ne2 Ngf6
9.Ng3 h5 10.Bg5 c5 11.c3 cxd4 12.cxd4 Nh7 13.Bd2 h4 14.Ne2 Nhf6 15.Ng5 e5
16.O-O exd4 17.Nxd4 Nc5 18.Bc3 O-O 19.Re1 Re8 20.Qf3 Qe7 21.Bc2 Nfxe4 22.Bxe4 Nxe4
23.Nxe4 Bxe4 24.Qg4 Qb7 25.b4 Rac8 26.Bb2 Bd3 27.Rxe8+ Rxe8 28.Qxh4 Qe4 29.Qxe4 Rxe4  0-1

[Event "31st Taminco Open"]
[Site "Ghent BEL"]
[Date "2008.07.22"]
[Round "7"]
[White "Froeyman,H"]
[Black "Larmuseau,Ma"]
[Result "0-1"]
[WhiteElo "2262"]
[BlackElo "2092"]

1.e4 g6 2.d4 Bg7 3.Nc3 d6 4.Nf3 c6 5.a4 a5 6.Be2 Nd7 7.O-O Qc7 8.Be3 Ngf6
9.h3 O-O 10.Qd2 Re8 11.Rad1 Bf8 12.Bc4 Nb6 13.Bb3 d5 14.e5 Nh5 15.Nh4 Ng7
16.f4 f5 17.Nf3 Bd7 18.Ne1 Rac8 19.Nd3 e6 20.Ra1 Red8 21.Ne2 Nc4 22.Bxc4 dxc4
23.Ne1 c5 24.d5 exd5 25.Qxd5+ Be6 26.Qf3 Bd5 27.Qf2 Ne6 28.Nc3 Bc6 29.Qe2 Nd4
30.Qxc4+ Kg7 31.Rf2 Qb6 32.Qa2 Be4 33.Rc1 Be7 34.Kh2 Qa6 35.Rd1 Bh4 36.g3 Be7
37.Kg1 Ne2+ 38.Rxe2 Rxd1 39.Kf2 Rdd8 40.Nxe4 fxe4 41.c4 Qe6 42.Kg2 Qd7 43.Rd2 Qc6
44.Re2 Rd3 45.Kf2 Rd1 46.b3 Rcd8 47.Qc2 b6 48.Bd2 e3+ 49.Bxe3 Qh1 50.Qc3 Qxh3
51.Bd2 Qh2+ 52.Ng2 Qg1+ 53.Kf3 Qf1+ 54.Rf2 Rd3+ 55.Ne3 Qxf2+ 56.Kxf2 R1xd2+  0-1

[Event "Politiken Cup"]
[Site "Helsingor DEN"]
[Date "2008.07.22"]
[Round "5"]
[White "Hobber,A"]
[Black "Jensen,Mad"]
[Result "1/2-1/2"]
[WhiteElo "2012"]
[BlackElo "1833"]

1.d4 g6 2.e4 Bg7 3.Nc3 d6 4.f4 a6 5.Nf3 b5 6.Bd3 Nd7 7.O-O Bb7 8.Ne2 c5 9.c3 Rc8
10.e5 c4 11.Bc2 Nb6 12.Ng3 Nh6 13.Qe2 O-O 14.f5 dxe5 15.Nxe5 Nd7 16.Nxd7 Qxd7
17.Bg5 Rfe8 18.Rae1 Bd5 19.h3 e6 20.fxg6 fxg6 21.Bf4 Nf5 22.Ne4 Bxe4 23.Qxe4 Nd6
24.Qe2 Nf7 25.Qg4  1/2-1/2

[Event "Politiken Cup"]
[Site "Helsingor DEN"]
[Date "2008.07.22"]
[Round "5"]
[White "Brauner,J"]
[Black "Jorgensen,R"]
[Result "1-0"]
[WhiteElo "1894"]
[BlackElo "2036"]

1.e4 g6 2.d4 Bg7 3.Nc3 d6 4.Be3 a6 5.a4 b6 6.Nge2 Nd7 7.h3 Bb7 8.g3 c5 9.Bg2 cxd4
10.Bxd4 Ngf6 11.b4 O-O 12.O-O Qc7 13.f4 Rfd8 14.g4 Rac8 15.Ra3 Qb8 16.Ng3 Qa8
17.g5 Ne8 18.Nd5 Bxd5 19.exd5 Bxd4+ 20.Qxd4 Rxc2 21.Be4 Rc7 22.h4 Qa7 23.Kg2 Rdc8
24.h5 Rc4 25.Qd3 Qc7 26.hxg6 hxg6 27.Bxg6 Ng7 28.Nf5 fxg6 29.Nxe7+ Kf8 30.Nxc8 Rc2+
31.Kg1 Nf5 32.Na7 Nh4 33.Nc6 Rg2+ 34.Kh1 Nc5 35.Qh3 Qh7 36.Qc8+ Kg7 37.Qc7+ Kh8
38.Qxh7+ Kxh7 39.Rh3  1-0

[Event "19th Czech Chladek & Tintera A Open"]
[Site "Pardubice CZE"]
[Date "2008.07.22"]
[Round "5"]
[White "Mamedjarova,Z"]
[Black "Haub,TM"]
[Result "1/2-1/2"]
[WhiteElo "2326"]
[BlackElo "2460"]

1.d4 g6 2.e4 Bg7 3.Nc3 d6 4.Be3 a6 5.Qd2 Nd7 6.Nf3 h6 7.Bd3 e6 8.O-O Ne7
9.Ne2 Nf6 10.c3 b6 11.h3 Bb7 12.Ng3 Ra7 13.a4 Qa8 14.Rfe1 Nxe4 15.Nxe4 Bxe4
16.Bxe4 Qxe4 17.Bxh6 Bxh6 18.Rxe4 Bxd2 19.Nxd2 Ra8 20.h4 d5 21.Rf4 Nf5 22.g3 Ke7
23.Re1 Ng7 24.Kg2 Rag8 25.Nb3  1/2-1/2

[Event "Dutch Open"]
[Site "Dieren NED"]
[Date "2008.07.23"]
[Round "2"]
[White "Roggeveen,W"]
[Black "Kabanof,N"]
[Result "1-0"]
[WhiteElo "2009"]
[BlackElo "2132"]

1.e4 g6 2.d4 d6 3.Nc3 Bg7 4.f4 a6 5.Nf3 b5 6.Bd3 Nd7 7.e5 c5 8.Ng5 Nh6 9.Qf3 Rb8
10.e6 Nb6 11.dxc5 dxc5 12.Qc6+ Kf8 13.exf7 Nxf7 14.O-O Bd4+ 15.Kh1 Qd6 16.Qf3 Bb7
17.Nce4 Qd5 18.f5 Nxg5 19.Bxg5 Ke8 20.Rae1 Nd7 21.c4 bxc4 22.Bxc4 Qc6 23.fxg6 hxg6
24.Qf7+ Kd8 25.Qxe7+ Kc8 26.Nd6+ Kc7 27.Nxb7 Qxb7 28.Bf4+ Kc8 29.Bd6 Ra8
30.Be6 Ra7 31.Qf8+  1-0